MyGZULibrary

Africa after gender? / (Record no. 7920)

MARC details
000 -LEADER
fixed length control field 01342cam a22003494a 4500
001 - CONTROL NUMBER
control field 14413640
003 - CONTROL NUMBER IDENTIFIER
control field GZU
005 - DATE AND TIME OF LATEST TRANSACTION
control field 20210513104000.0
008 - FIXED-LENGTH DATA ELEMENTS--GENERAL INFORMATION
fixed length control field 060614s2007 inu b 001 0 eng
010 ## - LIBRARY OF CONGRESS CONTROL NUMBER
LC control number 2006019762
020 ## - INTERNATIONAL STANDARD BOOK NUMBER
International Standard Book Number 0253348161 (cloth : alk. paper)
020 ## - INTERNATIONAL STANDARD BOOK NUMBER
International Standard Book Number 0253218772 (pbk. : alk. paper)
040 ## - CATALOGING SOURCE
Original cataloging agency DLC
Transcribing agency DLC
Modifying agency DLC
043 ## - GEOGRAPHIC AREA CODE
Geographic area code f------
050 00 - LIBRARY OF CONGRESS CALL NUMBER
Classification number HQ1075.5 AFR 2007
Item number A35 2007
082 00 - DEWEY DECIMAL CLASSIFICATION NUMBER
Classification number 305.3096
Edition number 22
245 00 - TITLE STATEMENT
Title Africa after gender? /
Statement of responsibility, etc. edited by Catherine M. Cole, Takyiwaa Manuh, and Stephan F. Miescher.
260 ## - PUBLICATION, DISTRIBUTION, ETC.
Place of publication, distribution, etc. Bloomington, IN :
Name of publisher, distributor, etc. Indiana University Press,
Date of publication, distribution, etc. c2007.
300 ## - PHYSICAL DESCRIPTION
Extent vi, 328 p. ;
Dimensions 24 cm.
500 ## - GENERAL NOTE
General note Includes bibliography
504 ## - BIBLIOGRAPHY, ETC. NOTE
Bibliography, etc. note Includes bibliographical references and index.
650 #0 - SUBJECT ADDED ENTRY--TOPICAL TERM
Topical term or geographic name entry element Sex role
Geographic subdivision Africa.
650 #0 - SUBJECT ADDED ENTRY--TOPICAL TERM
Topical term or geographic name entry element Sex role
General subdivision Research
Geographic subdivision Africa.
700 1# - ADDED ENTRY--PERSONAL NAME
Personal name Cole, Catherine M.
700 1# - ADDED ENTRY--PERSONAL NAME
Personal name Manuh, Takyiwaa.
700 1# - ADDED ENTRY--PERSONAL NAME
Personal name Miescher, Stephan.
856 41 - ELECTRONIC LOCATION AND ACCESS
Materials specified Table of contents only
Uniform Resource Identifier <a href="http://www.loc.gov/catdir/toc/ecip0616/2006019762.html">http://www.loc.gov/catdir/toc/ecip0616/2006019762.html</a>
856 42 - ELECTRONIC LOCATION AND ACCESS
Materials specified Book review (H-Net)
Uniform Resource Identifier <a href="http://www.h-net.org/reviews/showrev.php?id=29450">http://www.h-net.org/reviews/showrev.php?id=29450</a>
906 ## - LOCAL DATA ELEMENT F, LDF (RLIN)
a 7
b cbc
c orignew
d 1
e ecip
f 20
g y-gencatlg
942 ## - ADDED ENTRY ELEMENTS (KOHA)
Source of classification or shelving scheme Library of Congress Classification
Koha item type Books
Classification part 1075.5
Item part AFR
Call number prefix HQ
Holdings
Withdrawn status Lost status Damaged status Not for loan Collection code Home library Current library Shelving location Date acquired Total Checkouts Full call number Barcode Date last seen Copy number Price effective from Koha item type Date last checked out
        Non-fiction Gender Resource Centre Gender Resource Centre General Stacks 05/13/2021   HQ1075.5 AFR 2007 001559 05/13/2021 c.1 05/13/2021 Books  
        Non-fiction Gender Resource Centre Gender Resource Centre General Stacks 05/20/2021 1 HQ1075.5 AFR 2007 001483 09/14/2023 c.2 05/20/2021 Books 08/31/2023